| 000 | 00503nam a22001937a 4500 | ||
|---|---|---|---|
| 003 | NUST - PNEC | ||
| 005 | 20170116180755.0 | ||
| 008 | 150402b xxu||||| |||| 00| 0 eng d | ||
| 020 | _a- | ||
| 040 | _cLIBRARY | ||
| 082 | _a354.41 | ||
| 100 |
_92052 _aBarber, Michael |
||
| 245 |
_aPublic administration _cBarber, Michael P |
||
| 250 | _a- | ||
| 260 |
_aPakistan _bMacdonald And Evans _cC 1983 |
||
| 300 | _a245 . : | ||
| 650 |
_92053 _aPublic administration _xServices Book Club |
||
| 942 |
_2ddc _cBK |
||
| 999 |
_c62728 _d62728 |
||